THE LAYMAN￯S BIBLE COMMENTARY. GENESIS

Guardado en:
Detalles Bibliográficos
Autor principal: Fritsoh, Charles T. (autor)
Formato: Libro
Etiquetas: Agrega una etiqueta
Sin etiquetas, Sé el primero en etiquetar este registro!

MARC

LEADER 00000nam^a2200000^a^4500
001 000204202
005 20250521000000.0
009 20260310103039.135
035 |a 003661 
037 |a Acervo Xavier Clavigero 
082 |a 218.  |b FRI 
100 |a Fritsoh, Charles T.  |e (autor) 
245 1 4 |a THE LAYMAN￯S BIBLE COMMENTARY. GENESIS 
264 |a ATLANTA :  |b JOHN KNOX PRESS,  |c 1982 
336 |a texto  |b txt  |2 rdacontenido 
337 |a sin mediación  |b n  |2 rdamedio 
338 |a volumen  |b nc  |2 rdasoporte 
649 |a XX 
910 |a Fondo General 
920 |a Impresos - Libros 
930 |a Colección General 
905 |a 101 
901 |a 003661  |b IT1  |c ACC  |i 003661  |u 20250521 
902 |a https://opac.biblio.iteso.mx/vufind/Record/000204202